Towns And Buildings (Record no. 15836)

MARC details
000 -LEADER
fixed length control field 00386nam a2200157Ia 4500
008 - FIXED-LENGTH DATA ELEMENTS--GENERAL INFORMATION
fixed length control field 220803s9999 xx 000 0 und d
020 ## - INTERNATIONAL STANDARD BOOK NUMBER
International Standard Book Number 9780262680110
041 ## - LANGUAGE CODE
Language code of text/sound track or separate title eng
082 ## - DEWEY DECIMAL CLASSIFICATION NUMBER
Classification number 720.91 RAS
100 ## - MAIN ENTRY--PERSONAL NAME
Personal name Rasmussen S E
9 (RLIN) 24957
245 ## - TITLE STATEMENT
Title Towns And Buildings
260 ## - PUBLICATION, DISTRIBUTION, ETC. (IMPRINT)
Place of publication, distribution, etc. Cambridge
Name of publisher, distributor, etc. MIT Press
Date of publication, distribution, etc. 1969
300 ## - PHYSICAL DESCRIPTION
Extent 204p
500 ## - GENERAL NOTE
Keywords ARCHI
650 ## - SUBJECT ADDED ENTRY--TOPICAL TERM
Topical term or geographic name as entry element Hindu Architecture
9 (RLIN) 24958
Holdings
Withdrawn status Lost status Damaged status Not for loan Collection code Home library Current library Date acquired Vendor Cost, normal purchase price Total Checkouts Full call number Barcode Date last seen Cost, replacement price Bill Date Koha item type Original Barcode
        Book of B Arch Dr. Bhanuben Nanavati College of Architecture Dr. Bhanuben Nanavati College of Architecture 23/07/2015 Word Book 1574.82   711.5 RAS BNCA-BK-9370 03/08/2022 1574.82 08/07/2015 Books B09370